000 02018cam a22004694i 4500
003 PE-LiUPU
005 20250731173409.0
008 150706s2008 fl r 000 0 spa d
020 _a9780829752892
035 _a(Sirsi) i9780829752892
040 _aPE-LiUPU
_bspa
_cPE-LiUPU
_erda
049 _aPRUA
082 0 4 _a253.7
_bM12
_221
100 1 _aMcKee, Jonathan,
_eautor.
245 1 0 _aCómo multiplicar tu ministerio /
_cJonathan McKee.
264 1 _aMiami, Florida :
_bEditorial VIDA,
_c2008.
300 _a204 páginas ;
_c21 centímetros
336 _atext
_2rdacontent
337 _aunmediated
_2rdamedia
338 _avolume
_2rdacarrier
505 0 _aEl mito de El campo de los sueños -- Alinear nuestra definición -- Hacerlo a "propósito" -- Lucha libre sobre gelatina, barriles de refresco y clavadas -- Frente a una hoja de papel blanco -- "Qué" sucede y "cuando" -- Programar clubes de evangelización en los colegios -- Planificar programas de evangelización semanales -- Programar grandes eventos -- Esquivar a los oradores que sencillamente -- Evitar las bandas que sencillamente -- Clavadas -- Lograr que suceda.
526 _aSEG42
526 _aSEG41
526 _aSEG40
526 _aSEG39
526 _aP94
526 _aP87
526 _aP86
526 _aP85
526 _aP77
526 _aP76
526 _aP35
541 _g001-0000539;
650 0 4 _aMinisterio pastoral
_xMetodología.
650 0 4 _aLiderazgo cristiano.
910 _agl20110927
942 _2ddc
_cBOOK
949 _a253.7 M12
_wDEWEY
_c1
_i63715
_lCCODEBUL1
_mBUL
_p10.00
_r0
_sY
_tBOOK
_u2015-7-6
_xTEOLOGIA
_PP35
_o.STAFF. Colección Teología
994 _aC0
_bPEPRU
596 _a1
999 _a253.7 M12
_wDEWEY
_c52612
_i63715
_d52612
_e2018-5-16
_f2021-11-10
_g5
_lCCODEBUL1
_mBUL
_n3
_p10.00
_r0
_sY
_tBOOK
_u2015-7-6
_xTEOLOGIA
_PP35
_0COMPRA
_o.STAFF. Colección Teología
980 _81
_gALBERTO SANCHEZ Responsable de Automatización